Even-Lettered Colors Quiz Stats

 Plays Quiz Updated May 29, 2015

Challenge
Share
Tweet
Embed
Score 0/24 Timer 01:00
12 Plays Today
% Correct
Blue
97.2%
Aqua
96.2%
Gold
94.8%
Lime
94.3%
Grey
94.2%
Jade
92.8%
Mint
92.5%
Navy
91.8%
Dark Blue
86.3%
Cerise
85.6%
Teal
81.9%
Purple
79.7%
% Correct
Orange
78.4%
Silver
77.5%
Maroon
77.3%
Indigo
77.1%
Burgundy
73.6%
Eggplant
73%
Yellow
72.6%
Violet
70.5%
Aquamarine
68.9%
Quartz
66.4%
Heliotrope
59.8%
Zucchini
50.7%

You're not logged in!

Compare scores with friends on all Sporcle quizzes.
OR
Log In

You Might Also Like...

Show Comments

Extras

Top Quizzes Today


Score Distribution

Your Account Isn't Verified!

In order to create a playlist on Sporcle, you need to verify the email address you used during registration. Go to your Sporcle Settings to finish the process.

Report this User

Report this user for behavior that violates our Community Guidelines.

Details: